000 00370nam a2200157Ia 4500
008 151213s9999 xx 000 0 und d
100 _aBaris Ford
245 _aFrom Dickens To Hardly
_cBaris Ford
250 _a1st
260 _aLondon
_bA Polican Books
_c1958
300 _a4550 p.
650 _aCritics
650 _aEnglish
700 _aBaris Ford
999 _c2924
_d2924